000 00415nam a2200157 i 4500
001 104466
003 ES-MaACL
005 20230906183618.0
007 t|
008 051130s1920 fr ||||1| fre d
100 1 _aMille, Pierre.
_981193
245 1 3 _aLa nuit d'amour sur la montagne /
_cPierre Mille.
260 _aParis :
_bL. Maretheuse,
_c1920.
300 _a244 p. ;
_c19 cm.
852 _aES-MaACL
_jF-10060
999 _c104466
_d104466